| 000 | 00367nam a2200133 a 4500 | ||
|---|---|---|---|
| 001 | 000033234 | ||
| 005 | 20200930070121.0 | ||
| 008 | 110823s2004 xx 000 0 spa d | ||
| 040 |
_aDO-SdBNP _bspa _cBNPHU |
||
| 100 | 1 |
_aDefoe, Daniel, _d1661-1731 _940733 |
|
| 245 | 1 | 0 | _aRobinson Crusoe. |
| 260 |
_a[s.n.] : _bEditorial Extremadura, _c2004. |
||
| 300 |
_a736 p. ; _c18 cm. |
||
| 999 |
_c32725 _d32725 |
||